000 00519nam a2200193 a 4500
001 1769942616149
003 YourLibrary
005 20260201163956.0
008 260201s1989##################000#0#eng##
020 _a9780805800937
082 0 4 _a305.26019
_bSCH
100 1 _aSchaie, Klaus Warner,
_eauthor.
245 1 0 _aSocial Structure and Aging :
260 _bPsychology Press,
_c1989.
300 _a296 pages
650 0 _aFamily & Relationships.
942 _cENGLISH
040 _aYourLibrary
_beng
_cYourLibrary
999 _c609858
_d609858